| 000 -CABECERA |
| campo de control de longitud fija |
01130nam a2200241 4500 |
| 005 - FECHA Y HORA DE LA ÚLTIMA TRANSACCIÓN |
| campo de control |
20210905230231.0 |
| 008 - DATOS DE LONGITUD FIJA--INFORMACIÓN GENERAL |
| campo de control de longitud fija |
210905s1990 pe |||fr|||| 001 0 spa d |
| 020 ## - NÚMERO INTERNACIONAL ESTÁNDAR DEL LIBRO |
| ISBN |
0929692659 |
| 040 ## - FUENTE DE LA CATALOGACIÓN |
| Centro catalogador/agencia de origen |
CENDOC CAAAP |
| Lengua de catalogación |
spa |
| Centro/agencia transcriptor |
CAAAP |
| 041 ## - CÓDIGO DE LENGUA |
| Código de lengua del texto/banda sonora o título independiente |
spa |
| 050 ## - SIGNATURA TOPOGRÁFICA DE LA BIBLIOTECA DEL CONGRESO |
| Número de clasificación |
JC 571 |
| Número de documento/Ítem |
A49u |
| 500 ## - NOTA GENERAL |
| Nota general |
Informe de Américas Watch |
| 245 ## - MENCIÓN DE TÍTULO |
| Título |
Una guerra desesperada : |
| Subtitulo |
los derechos humanos en el Perú después de una década de democracia y violencia |
| 250 ## - MENCIÓN DE EDICIÓN |
| Mención de edición |
1ra ed. |
| 260 ## - PUBLICACIÓN, DISTRIBUCIÓN, ETC. |
| Lugar de publicación, distribución, etc. |
Lima: |
| Nombre del editor, distribuidor, etc. |
Comisión Andina de Juristas, |
| Fecha de publicación, distribución, etc. |
1990 |
| 300 ## - DESCRIPCIÓN FÍSICA |
| Extensión |
130 p. |
| 505 ## - NOTA DE CONTENIDO CON FORMATO |
| Nota de contenido con formato |
Contiene : Resumen y recomendaciones -- Las raíces y el alcance de la violencia en el Perú -- El poder judicial -- Condiciones penales -- Investigaciones del congreso de las violaciones de derechos humanos --- Violaciones de las leyes de guerra por los insurgentes --Violaciones a los derechos humanos en 1989 y 1990 -- Persecución de activistas de derechos humanos --El papel de los Estados Unidos. |
| 650 10 - PUNTO DE ACCESO ADICIONAL DE MATERIA--TÉRMINO DE MATERIA |
| 9 (RLIN) |
25 |
| Término de materia o nombre geográfico como elemento de entrada |
Violencia Política |
| 650 20 - PUNTO DE ACCESO ADICIONAL DE MATERIA--TÉRMINO DE MATERIA |
| 9 (RLIN) |
381 |
| Término de materia o nombre geográfico como elemento de entrada |
Derechos Humanos |
| 650 20 - PUNTO DE ACCESO ADICIONAL DE MATERIA--TÉRMINO DE MATERIA |
| 9 (RLIN) |
517 |
| Término de materia o nombre geográfico como elemento de entrada |
Democracia |
| 650 20 - PUNTO DE ACCESO ADICIONAL DE MATERIA--TÉRMINO DE MATERIA |
| 9 (RLIN) |
2544 |
| Término de materia o nombre geográfico como elemento de entrada |
Poder Judicial |
| 942 ## - ELEMENTOS PERSONALIZADOS KOHA |
| Fuente del sistema de clasificación o colocación |
|
| Fecha de catalogación |
05 - 09 - 21 |
| Tipo de ítem Koha |
Libros |